|
|
|
|
| LEADER |
00000nam0a2200000 4500 |
| 001 |
9504 |
| 005 |
20251209165005.0 |
| 010 |
|
|
|a 5860040563
|
| 035 |
|
|
|a (RuTPU)RU\TPU\book\9557
|
| 035 |
|
|
|a BOOK00009619
|
| 090 |
|
|
|a 9504
|
| 100 |
|
|
|a 20011209d1996 km y0rusy50 ca
|
| 101 |
0 |
|
|a rus
|
| 102 |
|
|
|a RU
|
| 105 |
|
|
|a y z 000zy
|
| 200 |
1 |
|
|a Западноевропейские купцы в России. Эпоха Петра I
|f В. Н. Захаров
|
| 210 |
|
|
|a Москва
|c РОССПЭН
|d 1996
|
| 215 |
|
|
|a 345 с.
|
| 606 |
|
|
|a Купечество в России
|x История
|z 1682-1725
|9 89077
|
| 610 |
1 |
|
|a Россия
|
| 610 |
1 |
|
|a социально-экономические отношения
|
| 610 |
1 |
|
|a купцы
|
| 610 |
1 |
|
|a западноевропейские купцы
|
| 610 |
1 |
|
|a преобразования Петра I
|
| 610 |
1 |
|
|a международные отношения
|
| 610 |
1 |
|
|a иностранное купечество
|
| 610 |
1 |
|
|a 17 век
|
| 686 |
|
|
|a Т3(2)511
|2 rubbk
|
| 700 |
|
1 |
|a Захаров
|b В. Н.
|
| 801 |
|
0 |
|a RU
|b 63413507
|c 20011209
|g PSBO
|
| 801 |
|
2 |
|a RU
|b 63413507
|c 20121129
|g PSBO
|
| 942 |
|
|
|c BK
|